UBT Library

Personal finance (Record no. 43742)

000 -LEADER
fixed length control field 00286nam a22001337a 4500
008 - FIXED-LENGTH DATA ELEMENTS--GENERAL INFORMATION
fixed length control field 180301b xxu||||| |||| 00| 0 eng d
020 ## - INTERNATIONAL STANDARD BOOK NUMBER
International Standard Book Number 9780078687198
041 ## - LANGUAGE CODE
Language code of text/sound track or separate title eng
080 ## - UNIVERSAL DECIMAL CLASSIFICATION NUMBER
Universal Decimal Classification number 336
100 ## - Rafti
Rafti 55
101 ## - Shkurtesa
Shkurtesa FIN
245 ## - TITLE STATEMENT
Title Personal finance
Statement of responsibility, etc Kapoor,J.R
942 ## - ADDED ENTRY ELEMENTS (KOHA)
Source of classification or shelving scheme
Item type Books
Holdings
Withdrawn status Lost status Source of classification or shelving scheme Damaged status Not for loan Collection code Permanent location Current location Shelving location Date acquired Total Checkouts Full call number Barcode Date last seen Price effective from Koha item type
          Koleksioni i përgjithshem UBT - Lipjan UBT - Lipjan Koleksioni i përgjithshem 03/01/2018   336 KAP 002-3000408 03/01/2018 03/01/2018 Books
          Koleksioni i përgjithshem UBT - Lipjan UBT - Lipjan Koleksioni i përgjithshem 03/01/2018   336 KAP 002-3000413 03/01/2018 03/01/2018 Books
          Koleksioni i përgjithshem UBT - Lipjan UBT - Lipjan Koleksioni i përgjithshem 03/01/2018   336 KAP 002-3000418 03/01/2018 03/01/2018 Books
          Koleksioni i përgjithshem UBT - Lipjan UBT - Lipjan Koleksioni i përgjithshem 03/01/2018   336 KAP 002-3000423 03/01/2018 03/01/2018 Books
          Koleksioni i përgjithshem UBT - Lipjan UBT - Lipjan Koleksioni i përgjithshem 03/01/2018   336 KAP 002-3000428 03/01/2018 03/01/2018 Books
          Koleksioni i përgjithshem UBT - Lipjan UBT - Lipjan Koleksioni i përgjithshem 03/01/2018   336 KAP 002-3000433 03/01/2018 03/01/2018 Books
          Koleksioni i përgjithshem UBT - Lipjan UBT - Lipjan Koleksioni i përgjithshem 03/01/2018   336 KAP 002-3000438 03/01/2018 03/01/2018 Books
          Koleksioni i përgjithshem UBT - Lipjan UBT - Lipjan Koleksioni i përgjithshem 03/01/2018   336 KAP 002-3000443 03/01/2018 03/01/2018 Books
          Koleksioni i përgjithshem UBT - Lipjan UBT - Lipjan Koleksioni i përgjithshem 03/01/2018   336 KAP 002-3000448 03/01/2018 03/01/2018 Books
          Koleksioni i përgjithshem UBT - Lipjan UBT - Lipjan Koleksioni i përgjithshem 03/01/2018   336 KAP 002-3000453 03/01/2018 03/01/2018 Books
          Koleksioni i përgjithshem UBT - Lipjan UBT - Lipjan Koleksioni i përgjithshem 03/01/2018   336 KAP 002-3000458 03/01/2018 03/01/2018 Books
UBT Library © 2015-2024. All rights reserved University Education for Business and Technology